000 00462cam a2200181ua 4500
001 3047
008 110922n ii |||gr||||Z||||||asm
040 _cMAIN
082 _a920
100 1 _aBora, Lakhidhar,
_eAuthor.
245 1 1 _aMuktijujar suwaran
_cby Lakhidhar Bora
250 _a1st.
260 _aGuahati:
_bPublication board assam,984.
300 _a24p:
_c23cm.
_a110p:
653 _aBiography
653 _aBiography of Muktijujar suwaran
942 _cBK
999 _c2894
_d2894